Statistics for Random China Map Quiz

Click here to take the quiz!

General Stats

  • This quiz has been taken 78 times
  • The average score is 7 of 10

Answers on the Map

Answers color-coded by a green-red scale on the quiz's map according to % correct below.
 

Answer Stats

Answer% Correct
Chongqing
100%
Hainan
100%
Henan
100%
Inner Mongolia
100%
Shaanxi
100%
Xinjiang Uyghur
100%
Yunnan
100%
Zhejiang
100%
Fujian
83%
Shanxi
83%
Hebei
80%
Hubei
80%
Hunan
80%
Ningxia
80%
Qinghai
80%
Tibet
80%
Guangdong
78%
Hong Kong /
Macau
75%
Jilin
75%
Shandong
75%
Anhui
67%
Heilongjiang
67%
Jiangxi
67%
Shanghai
67%
Sichuan
67%
Guangxi
60%
Gansu
50%
Guizhou
50%
Jiangsu
50%
Liaoning
50%
Tianjin
50%
Beijing
0%

Score Distribution

Percentile by Number Answered

Percent of People with Each Score

Your Score History

You have not taken this quiz